00310nam a2200121Ia 4500082001200000100002300012245006000035260002800095300000800123650002200131650001400153710002100167 aTG.0059 aGandhi, Prabhavati 0aPrem Chand ke purush patron ka samajshastriya anushilan c1983bVikram University a445 aMen in literature aPremchand aJalaj, Jai Kumar